World Languages by Clue #1 - Statistics

General Stats
  • This quiz has been taken 20,764 times
    20,627 since last reset
  • The average score is 10 of 17
Answer Stats
Clue Language % Correct
Language with the most native speakers Mandarin
97%
First language to be spoken in outer space Russian
88%
Uses the letter "ß" German
84%
Can be written with kanji, hiragana, and katakana scripts Japanese
81%
Language in which Gutenberg's Bible was printed Latin
80%
Also known as Farsi Persian
66%
Its two written forms are Bokmål and Nynorsk Norwegian
64%
"Simba" is the word for lion in this East African lingua franca Swahili
64%
The most spoken native language in South Africa Zulu
60%
Russian aristocrats in the 19th century commonly spoke this language amongst themselves French
57%
Has just 13 letters in its alphabet. Example word: Humuhumunukunukuāpuaʻa Hawaiian
57%
Went extinct as a spoken language around 300 AD but was revived by Eliezer Ben-Yehuda Hebrew
57%
Sole official language of Ethiopia until 2020 Amharic
43%
Language that Jesus would have spoken Aramaic
42%
Language of India and Pakistan which has more speakers than any language which is NOT the official language of any country Punjabi
40%
Someone who speaks this language is called a "lusophone" Portuguese
38%
The official language of Paraguay and also the name of its currency Guarani
28%
No matching quizzes found
Score Distribution
Percent of People with Each Score
Percentile by Number Answered
Your Score History
You have not taken this quiz since the last reset